El seguro a primer riesgo (Registro nro. 158933)
[ vista simple ]
| 000 -LEADER | |
|---|---|
| fixed length control field | 01425ny a22003493n 4500 |
| 008 - FIXED-LENGTH DATA ELEMENTS--GENERAL INFORMATION | |
| fixed length control field | 021104s2002 sp 000 0 spa c |
| 017 ## - | |
| -- | D.L. M.41573-2002 |
| 020 ## - INTERNATIONAL STANDARD BOOK NUMBER | |
| International Standard Book Number | 8484940551 |
| 035 ## - | |
| -- | 1656 |
| 040 ## - CATALOGING SOURCE | |
| Original cataloging agency | SpMaUCDE |
| Modifying agency | vLex |
| 040 ## - CATALOGING SOURCE | |
| Original cataloging agency | UMA.RE |
| Modifying agency | vLex |
| 080 ## - | |
| -- | 34:368.18 |
| 080 ## - | |
| -- | 368.18:34 |
| 090 ## - | |
| -- | 403 |
| -- | 403 |
| 100 1# - MAIN ENTRY--PERSONAL NAME | |
| Personal name | Muñoz Paredes, María Luisa |
| 245 13 - TITLE STATEMENT | |
| Title | El seguro a primer riesgo |
| Medium | [Recurso electrónico] |
| Statement of responsibility, etc | María Luisa Muñoz Paredes ; prólogo de José Luis Fernández Ruiz |
| 256 ## - | |
| -- | Servicio en línea |
| 260 ## - PUBLICATION, DISTRIBUTION, ETC. (IMPRINT) | |
| Place of publication, distribution, etc | [Madrid]: |
| Name of publisher, distributor, etc | Editoriales de Derecho Reunidas, |
| Date of publication, distribution, etc | D.L. 2002 |
| 300 ## - PHYSICAL DESCRIPTION | |
| Extent | 316 p. ; |
| Dimensions | 20 cm |
| 490 1# - SERIES STATEMENT | |
| Series statement | Cuadernos mercantiles ; |
| Volume number/sequential designation | 23 |
| 504 ## - BIBLIOGRAPHY, ETC. NOTE | |
| Bibliography, etc | Bibliogr.: p. 301-316 |
| 506 1# - RESTRICTIONS ON ACCESS NOTE | |
| Terms governing access | Contenido solo disponible en los productos indicados |
| Authorized users | vLex Global |
| -- | vLex Global (Academic Edition, excluding Law Schools) |
| -- | vLex Global (U.S. Academic Edition, Law Schools) |
| -- | vLex Global (U.S. Academic Edition, excluding Law Schools) |
| -- | vLex Global (Academic Edition, Law Schools) |
| 650 07 - SUBJECT ADDED ENTRY--TOPICAL TERM | |
| Topical term or geographic name as entry element | Mercantil |
| Source of heading or term | Tesauro vLex |
| 650 07 - SUBJECT ADDED ENTRY--TOPICAL TERM | |
| Topical term or geographic name as entry element | Contrato de seguro |
| Source of heading or term | Tesauro vLex |
| 650 07 - SUBJECT ADDED ENTRY--TOPICAL TERM | |
| Topical term or geographic name as entry element | Derecho de los seguros |
| Source of heading or term | Tesauro vLex |
| 650 07 - SUBJECT ADDED ENTRY--TOPICAL TERM | |
| Topical term or geographic name as entry element | Seguros |
| Source of heading or term | Tesauro vLex |
| 740 0# - | |
| -- | vLex Libros (Servicios en línea) |
| 830 #0 - | |
| -- | Cuadernos mercantiles (Editoriales de Derecho Reunidas) |
| 856 40 - LOCALIZACIÓN Y ACCESO ELECTRÓNICO | |
| Identificador Uniforme del Recurso (URI/URL) | https://app.vlex.com/#/sources/1656 |
| 942 ## - | |
| -- | RAA |
| 999 ## - | |
| -- | 158933 |
| -- | 158933 |
No hay ítems disponibles.